[Event "19th EUR-ch"]
[Site "Batumi GEO"]
[Date "2018.03.21"]
[Round "5.15"]
[White "Demchenko, Anton"]
[Black "Kobalia, Mikhail"]
[Result "1-0"]
[WhiteElo "2672"]
[BlackElo "2599"]
[EventDate "2018.03.17"]
[PlyCount "95"]

1.e4 e5 2.Nf3 Nf6 3.Nxe5 d6 4.Nf3 Nxe4 5.Qe2 Qe7 6.d3 Nf6 7.Bg5 Qxe2+ 8.
Bxe2 Be7 9.Nc3 h6 10.Bd2 c6 11.O-O-O O-O 12.h3 Nbd7 13.g4 Re8 14.Rdg1 Nf8 
15.Nd4 d5 16.Bd1 Bc5 17.Nce2 Ne6 18.Nf5 Nf8 19.Rg2 Kh7 20.Neg3 Ng8 21.d4 
Bb6 22.Nd6 Re6 23.Nxc8 Rxc8 24.c3 Ree8 25.h4 c5 26.Bc2+ Kh8 27.dxc5 Bxc5 
28.g5 Ne6 29.Nf5 g6 30.Nxh6 Nxh6 31.h5 gxh5 32.Rxh5 Bf8 33.gxh6 d4 34.Rh4 
Be7 35.Rh3 Rc7 36.Rf3 Bd6 37.Rf5 Rd8 38.h7 Bc5 39.Rd5 Rdc8 40.Kd1 Be7 41.
Bf5 Bf6 42.cxd4 Re8 43.Be3 Bg7 44.Rg4 Bf6 45.Kd2 Bg7 46.Bd3 Bf6 47.Rf5 Bg7
48.d5 1-0

[Event "19th EUR-ch"]
[Site "Batumi GEO"]
[Date "2018.03.21"]
[Round "5.16"]
[White "Mchedlishvili, Mikheil"]
[Black "Berkes, Ferenc"]
[Result "1/2-1/2"]
[WhiteElo "2600"]
[BlackElo "2671"]
[EventDate "2018.03.17"]
[PlyCount "52"]

1.d4 d5 2.c4 e6 3.Nc3 a6 4.cxd5 exd5 5.Bf4 Nf6 6.e3 Bd6 7.Bg5 Be6 8.Bd3 
Nbd7 9.Nge2 h6 10.Bh4 Qe7 11.Qc2 Rc8 12.h3 c5 13.dxc5 Rxc5 14.O-O O-O 15.
f4 Nb6 16.Ng3 Rfc8 17.Qf2 Qd8 18.Rad1 Be7 19.Nce2 Ne4 20.Bxe7 Qxe7 21.Qe1 
Bd7 22.Bxe4 dxe4 23.f5 f6 24.Nd4 Nc4 25.Qf2 Kh7 26.b3 Nd6 1/2-1/2

[Event "19th EUR-ch"]
[Site "Batumi GEO"]
[Date "2018.03.21"]
[Round "5.17"]
[White "Kovchan, Alexander"]
[Black "Korobov, Anton"]
[Result "1/2-1/2"]
[WhiteElo "2596"]
[BlackElo "2664"]
[EventDate "2018.03.17"]
[PlyCount "21"]

1.c4 c5 2.Nf3 Nc6 3.Nc3 Nd4 4.g3 Nxf3+ 5.exf3 Nf6 6.d4 cxd4 7.Qxd4 g6 8.b3
Bg7 9.Bb2 O-O 10.Bg2 d6 11.O-O 1/2-1/2

[Event "19th EUR-ch"]
[Site "Batumi GEO"]
[Date "2018.03.21"]
[Round "5.18"]
[White "Moiseenko, Olexandr"]
[Black "Predke, Alexander"]
[Result "0-1"]
[WhiteElo "2659"]
[BlackElo "2595"]
[EventDate "2018.03.17"]
[PlyCount "136"]

1.d4 Nf6 2.c4 e6 3.Nc3 Bb4 4.Qc2 O-O 5.a3 Bxc3+ 6.Qxc3 d5 7.Nf3 dxc4 8.
Qxc4 b6 9.Bg5 Bb7 10.e3 Nbd7 11.Rd1 Bd5 12.Qa4 c5 13.Be2 a6 14.O-O b5 15.
Qc2 Rc8 16.Qb1 Qb6 17.dxc5 Rxc5 18.Bf4 Re8 19.Nd2 e5 20.Bg3 e4 21.b4 Rc3 
22.Qa1 Rc2 23.Qb1 Rec8 24.Rc1 Qc6 25.Rxc2 Qxc2 26.Rd1 Qc3 27.a4 bxa4 28.
Bxa6 Ra8 29.Rc1 Qxd2 30.Rc2 Qxc2 31.Qxc2 a3 32.b5 a2 33.Qb2 Bc4 34.Qa1 Nc5
35.Be5 Bxb5 36.Qxa2 Ncd7 37.Bd4 Bxa6 38.h3 Bb7 39.Qc2 Bd5 40.Qc7 h6 41.Bb2
Kh7 42.Bd4 Ra2 43.Qc8 Ra8 44.Qc7 Re8 45.Kh2 Kg8 46.Kg1 Re6 47.Qc2 Bc6 48.
Qb2 Ne8 49.Qc3 Nf8 50.Qa5 Ng6 51.Qd8 Kh7 52.Qa5 Nf6 53.Qc7 Nd7 54.Qa5 Ne7 
55.Qc7 Nf8 56.Bc5 Nfg6 57.Kh2 Be8 58.Bd4 Nf5 59.Bb2 Ngh4 60.Kh1 Rg6 61.Qc8
Rxg2 62.Qxe8 Rxf2 63.Be5 Rf1+ 64.Kh2 Nf3+ 65.Kg2 Nxe3+ 66.Kg3 Rg1+ 67.Kf4 
Nd5+ 68.Kxe4 Nf6+ 0-1

[Event "19th EUR-ch"]
[Site "Batumi GEO"]
[Date "2018.03.21"]
[Round "5.19"]
[White "Smirin, Ilia"]
[Black "Rakhmanov, Aleksandr"]
[Result "0-1"]
[WhiteElo "2594"]
[BlackElo "2655"]
[EventDate "2018.03.17"]
[PlyCount "64"]

1.e4 e5 2.Bc4 Nf6 3.d3 c6 4.Nf3 d5 5.Bb3 a5 6.a3 a4 7.Ba2 Bd6 8.exd5 cxd5 
9.O-O Be6 10.Bg5 h6 11.Bh4 Nbd7 12.Nc3 Ra5 13.Re1 O-O 14.h3 Qc7 15.Bg3 Re8
16.Rb1 d4 17.Bxe6 dxc3 18.Ba2 cxb2 19.Rxb2 Bxa3 20.Rb1 Bd6 21.Nd2 b5 22.
Nf1 Qc6 23.Ne3 Bf8 24.d4 exd4 25.Qxd4 Re4 26.Qd2 b4 27.Rbd1 Rc5 28.Kh2 Rc3
29.Re2 h5 30.Kg1 Qc5 31.Rde1 Rd4 32.Qc1 b3 0-1

[Event "19th EUR-ch"]
[Site "Batumi GEO"]
[Date "2018.03.21"]
[Round "5.20"]
[White "Piorun, Kacper"]
[Black "Pantsulaia, Levan"]
[Result "1-0"]
[WhiteElo "2653"]
[BlackElo "2593"]
[EventDate "2018.03.17"]
[PlyCount "59"]

1.e4 c5 2.Nf3 e6 3.d4 cxd4 4.Nxd4 a6 5.Bd3 Bc5 6.Nb3 Ba7 7.O-O Nc6 8.Qg4 
Qf6 9.Nc3 Nge7 10.Qg3 Qg6 11.Qh3 Nb4 12.Be3 b6 13.f4 Nxd3 14.f5 exf5 15.
exf5 Nxf5 16.Rxf5 d5 17.Raf1 Bxf5 18.Rxf5 Nc5 19.Nxc5 bxc5 20.Nxd5 Rd8 21.
Qh4 Rd7 22.Qe4+ Kd8 23.Bg5+ f6 24.Nxf6 c4+ 25.Kf1 gxf6 26.Bxf6+ Kc8 27.
Qa8+ Bb8 28.Rc5+ Rc7 29.Qxa6+ Kd7 30.Rd5+ 1-0

[Event "19th EUR-ch"]
[Site "Batumi GEO"]
[Date "2018.03.21"]
[Round "5.21"]
[White "Brkic, Ante"]
[Black "Siugirov, Sanan"]
[Result "0-1"]
[WhiteElo "2590"]
[BlackElo "2652"]
[EventDate "2018.03.17"]
[PlyCount "60"]

1.e4 g6 2.d4 Bg7 3.Nc3 d6 4.Be3 a6 5.Qd2 b5 6.h4 Nf6 7.f3 h5 8.O-O-O Nbd7 
9.Nh3 Bb7 10.Ng5 e6 11.Kb1 Qe7 12.Ne2 Rd8 13.g3 c6 14.Bh3 e5 15.Qa5 exd4 
16.Bxd4 c5 17.Qc7 Ne5 18.Qxd8+ Qxd8 19.Bxe5 O-O 20.Bxd6 Re8 21.Bxc5 Qc7 
22.Bd6 Qb6 23.Nf4 Nh7 24.Nxh7 Kxh7 25.a3 a5 26.Rd3 b4 27.e5 Bxe5 28.Rhd1 
Bg7 29.a4 Ba6 30.R3d2 b3 0-1

[Event "19th EUR-ch"]
[Site "Batumi GEO"]
[Date "2018.03.21"]
[Round "5.22"]
[White "Bogner, Sebastian"]
[Black "Anton Guijarro, David"]
[Result "1/2-1/2"]
[WhiteElo "2588"]
[BlackElo "2647"]
[EventDate "2018.03.17"]
[PlyCount "94"]

1.e4 e5 2.Nf3 Nc6 3.Bc4 Bc5 4.O-O Nf6 5.d3 h6 6.c3 d6 7.Re1 a5 8.Nbd2 O-O 
9.h3 Be6 10.Bb5 Qb8 11.Nf1 Qa7 12.Re2 a4 13.Ng3 Qa5 14.Bxc6 bxc6 15.d4 Bb6
16.Be3 Rfe8 17.Qd2 exd4 18.Bxh6 dxc3 19.bxc3 Nh5 20.Bf4 f6 21.Nxh5 Qxh5 
22.Nd4 Bc4 23.Re3 d5 24.Rae1 dxe4 25.Rxe4 Rxe4 26.Rxe4 Re8 27.Qe1 Rxe4 28.
Qxe4 Bxa2 29.Qxc6 Qd1+ 30.Kh2 Bf7 31.Be3 Qd3 32.Qxa4 Qxc3 33.Qd7 Qc4 34.
Qc8+ Kh7 35.Qf5+ Bg6 36.Qd7 Qd3 37.Qg4 Qe4 38.Qd7 Qe5+ 39.Kg1 Qe8 40.Qg4 
Qe4 41.Qxe4 Bxe4 42.f3 Bd5 43.Kf2 Ba5 44.h4 c5 45.Nf5 c4 46.Ke2 g6 47.Nd6 
Bc7 1/2-1/2

[Event "19th EUR-ch"]
[Site "Batumi GEO"]
[Date "2018.03.21"]
[Round "5.23"]
[White "McShane, Luke"]
[Black "Paichadze, Luka"]
[Result "1/2-1/2"]
[WhiteElo "2647"]
[BlackElo "2581"]
[EventDate "2018.03.17"]
[PlyCount "85"]

1.e4 c6 2.Nc3 d5 3.Nf3 a6 4.d4 Bg4 5.h3 Bh5 6.exd5 cxd5 7.g4 Bg6 8.h4 Nc6 
9.h5 Be4 10.Nxe4 dxe4 11.Ne5 Nxd4 12.Be3 Qa5+ 13.c3 Qxe5 14.Qxd4 Qxd4 15.
Bxd4 Nf6 16.Bg2 e5 17.Bxe5 Nxg4 18.Bd4 f5 19.f3 exf3 20.Bxf3 O-O-O 21.
O-O-O Rg8 22.Bb6 Rxd1+ 23.Rxd1 Be7 24.Bd5 Bg5+ 25.Kb1 Re8 26.Bf7 Re5 27.
Rd6 Be7 28.Rd4 Ne3 29.a4 g5 30.hxg6 hxg6 31.Rd3 f4 32.Bd4 Rg5 33.Bxe3 fxe3
34.Rxe3 Kd7 35.Re4 Bd6 36.Kc2 Re5 37.Rd4 g5 38.Bd5 Bc5 39.Rd3 Kc7 40.b4 
Bf2 41.Bf3 Re3 42.Rxe3 Bxe3 43.a5 1/2-1/2

[Event "19th EUR-ch"]
[Site "Batumi GEO"]
[Date "2018.03.21"]
[Round "5.24"]
[White "Pashikian, Arman"]
[Black "Grandelius, Nils"]
[Result "1/2-1/2"]
[WhiteElo "2585"]
[BlackElo "2646"]
[EventDate "2018.03.17"]
[PlyCount "50"]

1.d4 Nf6 2.Nf3 d5 3.c4 e6 4.Nc3 dxc4 5.e4 b5 6.e5 Nd5 7.Nxb5 Nb6 8.Be2 Nc6
9.O-O Be7 10.Nc3 O-O 11.Qd2 Bb7 12.Rd1 Nb4 13.Rb1 Rb8 14.b3 cxb3 15.Rxb3 
c5 16.dxc5 Qxd2 17.Nxd2 N6d5 18.Ba3 Bxc5 19.Nce4 Be7 20.Nd6 Bc6 21.Bxb4 
Rxb4 22.Rc1 Rxb3 23.axb3 Nb4 24.Rc4 Rb8 25.Bf3 Bxf3 1/2-1/2

[Event "19th EUR-ch"]
[Site "Batumi GEO"]
[Date "2018.03.21"]
[Round "5.25"]
[White "Guseinov, Gadir"]
[Black "Deac, Bogdan-Daniel"]
[Result "1-0"]
[WhiteElo "2646"]
[BlackElo "2572"]
[EventDate "2018.03.17"]
[PlyCount "43"]

1.e4 e5 2.Nf3 Nc6 3.Bb5 Nf6 4.O-O Nxe4 5.d4 Nd6 6.dxe5 Nxb5 7.a4 Nd6 8.Bg5
f6 9.Re1 Nxe5 10.Nxe5 Be7 11.Bxf6 gxf6 12.Qh5+ Kf8 13.Ng6+ hxg6 14.Qxh8+ 
Kf7 15.Qh7+ Kf8 16.Ra3 Nf7 17.Rae3 Bb4 18.c3 Bd6 19.Rh3 Be5 20.Qxg6 d5 21.
Rh7 Be6 22.f4 1-0

[Event "19th EUR-ch"]
[Site "Batumi GEO"]
[Date "2018.03.21"]
[Round "5.26"]
[White "Gajewski, Grzegorz"]
[Black "Volokytin, Andriy"]
[Result "1/2-1/2"]
[WhiteElo "2588"]
[BlackElo "2639"]
[EventDate "2018.03.17"]
[PlyCount "73"]

1.c4 Nf6 2.Nc3 e5 3.Nf3 Nc6 4.g3 Bb4 5.Bg2 O-O 6.O-O d6 7.d3 h6 8.Ne1 a5 
9.Nc2 Nd4 10.Bd2 c6 11.a3 Bc5 12.Nxd4 exd4 13.Na4 Re8 14.Nxc5 dxc5 15.h3 
Nh7 16.e4 dxe3 17.Bxe3 Ng5 18.h4 Ne6 19.Re1 a4 20.Qh5 Qxd3 21.Rad1 Qxc4 
22.Qe5 Qb5 23.Bd2 Bd7 24.Bxh6 Rad8 25.Bg5 Nxg5 26.Qxg5 Rxe1+ 27.Rxe1 Rf8 
28.Qd2 Be6 29.Re5 Qc4 30.Re4 Qb3 31.h5 Bd5 32.Rg4 Bxg2 33.Rxg7+ Kxg7 34.
Qg5+ Kh7 35.Qf5+ Kh6 36.Qf6+ Kxh5 37.Qf5+ 1/2-1/2

[Event "19th EUR-ch"]
[Site "Batumi GEO"]
[Date "2018.03.21"]
[Round "5.27"]
[White "Onischuk, Vladimir"]
[Black "Fedorov, Alexei"]
[Result "1/2-1/2"]
[WhiteElo "2632"]
[BlackElo "2559"]
[EventDate "2018.03.17"]
[PlyCount "130"]

1.e4 c5 2.Nf3 Nc6 3.Bb5 e6 4.Bxc6 bxc6 5.d3 Ne7 6.Qe2 d6 7.e5 Nf5 8.c3 
dxe5 9.Nxe5 Bd6 10.Nc4 O-O 11.Nbd2 Ba6 12.Ne4 Be7 13.Bf4 Nh4 14.f3 Ng6 15.
Bg3 f5 16.Ned2 Bg5 17.O-O-O Qd5 18.Kc2 Rad8 19.Nb3 e5 20.Nba5 h5 21.Rhe1 
Rfe8 22.Bf2 Nf4 23.Qf1 Bf6 24.Be3 Ne6 25.Bc1 Nf8 26.g3 Nd7 27.f4 g6 28.h4 
Re6 29.fxe5 Nxe5 30.Bf4 Rde8 31.Re3 Ng4 32.Rxe6 Rxe6 33.Re1 Bd8 34.Nb3 Be7
35.Rxe6 Qxe6 36.Nbd2 Kf7 37.Qf3 Ke8 38.Bb8 g5 39.hxg5 Bxg5 40.Bf4 Be7 41.
Qh1 Qg6 42.Qe1 Bxc4 43.Nxc4 Kd7 44.Qh1 Qe6 45.Qf1 h4 46.gxh4 Bxh4 47.Bd2 
Ne5 48.Na5 Bd8 49.Nb3 Be7 50.c4 Ng4 51.Qf3 Bd6 52.Nc1 Ne5 53.Qh3 Ng6 54.
Qh5 Ne7 55.Ne2 Qg6 56.Qf3 Qg4 57.Qf2 Ng6 58.b4 Ne5 59.bxc5 Bxc5 60.Qh2 Ng6
61.Qh7+ Be7 62.Qh2 Bd6 63.Qf2 c5 64.Nc3 Nf4 65.Qf1 Ke6 1/2-1/2

[Event "19th EUR-ch"]
[Site "Batumi GEO"]
[Date "2018.03.21"]
[Round "5.28"]
[White "Vavulin, Maksim"]
[Black "Erdos, Viktor"]
[Result "1/2-1/2"]
[WhiteElo "2583"]
[BlackElo "2627"]
[EventDate "2018.03.17"]
[PlyCount "42"]

1.e4 e5 2.Nf3 Nc6 3.d4 exd4 4.Nxd4 Nf6 5.Nxc6 bxc6 6.e5 Qe7 7.Qe2 Nd5 8.c4
Nb6 9.Nd2 Bb7 10.b3 g6 11.Bb2 Bg7 12.O-O-O O-O-O 13.f4 Rhe8 14.g3 Kb8 15.
Bh3 f6 16.Rhe1 fxe5 17.fxe5 c5 18.Bg2 Bxg2 19.Qxg2 d6 20.Kc2 Bxe5 21.Nf3 
Nd7 1/2-1/2

[Event "19th EUR-ch"]
[Site "Batumi GEO"]
[Date "2018.03.21"]
[Round "5.29"]
[White "Sarana, Alexey"]
[Black "Zhigalko, Sergei"]
[Result "1/2-1/2"]
[WhiteElo "2577"]
[BlackElo "2625"]
[EventDate "2018.03.17"]
[PlyCount "52"]

1.e4 c5 2.Nf3 d6 3.d4 cxd4 4.Nxd4 Nf6 5.Nc3 a6 6.Bg5 Nbd7 7.Qe2 h6 8.Bh4 
b5 9.f4 g5 10.fxg5 hxg5 11.Bxg5 e6 12.O-O-O Bb7 13.e5 dxe5 14.Ndxb5 axb5 
15.Bxf6 Qxf6 16.Qxb5 O-O-O 17.Kb1 Qf2 18.Na4 Rh4 19.c3 Qf5+ 20.Ka1 Qe4 21.
b4 Qc6 22.Qa5 Qc7 23.Qa7 Qc6 24.Qa5 Qc7 25.Qa7 Qc6 26.Qa5 Qc7 1/2-1/2

[Event "19th EUR-ch"]
[Site "Batumi GEO"]
[Date "2018.03.21"]
[Round "5.30"]
[White "Indjic, Aleksandar"]
[Black "Santos Ruiz, Miguel"]
[Result "1/2-1/2"]
[WhiteElo "2623"]
[BlackElo "2488"]
[EventDate "2018.03.17"]
[PlyCount "36"]

1.d4 Nf6 2.Nf3 d5 3.c4 e6 4.Nc3 c6 5.e3 Nbd7 6.Qc2 Bd6 7.g4 h6 8.Rg1 e5 9.
h4 e4 10.g5 hxg5 11.hxg5 exf3 12.gxf6 Nxf6 13.Qd1 Bh2 14.Rh1 Bg4 15.cxd5 
cxd5 16.Qb3 Kf8 17.Qxb7 Kg8 18.Qb3 Rh5 1/2-1/2

[Event "19th EUR-ch"]
[Site "Batumi GEO"]
[Date "2018.03.21"]
[Round "5.31"]
[White "Arutinian, David"]
[Black "Vallejo Pons, Francisco"]
[Result "1-0"]
[WhiteElo "2536"]
[BlackElo "2716"]
[EventDate "2018.03.17"]
[PlyCount "159"]

1.Nf3 d5 2.c4 e6 3.e3 Nf6 4.b3 Bd6 5.Bb2 O-O 6.Nc3 a6 7.g3 c6 8.d4 b5 9.
Bg2 a5 10.O-O bxc4 11.bxc4 Ba6 12.Nd2 dxc4 13.Qc2 Nd5 14.a3 Nd7 15.Rfd1 
Be7 16.Na4 Rc8 17.e4 N5b6 18.Nc5 Nxc5 19.dxc5 Bxc5 20.Nxc4 Qc7 21.Be5 Qa7 
22.Nxa5 Be7 23.a4 c5 24.Bc3 Qc7 25.e5 Nd5 26.Rxd5 exd5 27.Bxd5 Kh8 28.Qf5 
c4 29.Be4 g6 30.Qf3 Kg8 31.Nc6 Bg5 32.h4 Bb7 33.Nb4 Bxe4 34.Qxe4 Bd8 35.a5
Qc5 36.Nd5 Re8 37.a6 Qa7 38.h5 Re6 39.hxg6 hxg6 40.Bd4 Rxa6 41.Bxa7 Rxa1+ 
42.Kg2 Rxa7 43.e6 c3 44.exf7+ Kxf7 45.Nf4 Rac7 46.Qxg6+ Ke7 47.Nd5+ Kf8 
48.Qd6+ Ke8 49.Qe5+ Kf7 50.Qf5+ Kg7 51.Qg4+ Kf7 52.Qh5+ Kg7 53.Qe5+ Kf7 
54.Qf4+ Ke8 55.Qa4+ Kf7 56.Qc2 Rc5 57.Qh7+ Ke8 58.Qe4+ Kd7 59.Qg4+ Kd6 60.
Nb4 Bf6 61.Nc2 Ke7 62.Qe4+ Kf8 63.Qg6 R8c6 64.Qh6+ Bg7 65.Qf4+ Kg8 66.Qe4 
Rd6 67.g4 Rc8 68.g5 Rcd8 69.Kg3 Rd3+ 70.f3 R8d5 71.Qe6+ Kf8 72.Kg4 Rd2 73.
f4 Rd6 74.Qf5+ Ke7 75.Qe4+ Kd8 76.Qa8+ Ke7 77.Ne3 Bd4 78.Nf5+ Ke6 79.Qe4+ 
Kd7 80.Qe7+ 1-0

[Event "19th EUR-ch"]
[Site "Batumi GEO"]
[Date "2018.03.21"]
[Round "5.33"]
[White "Boruchovsky, Avital"]
[Black "Ponomariov, Ruslan"]
[Result "1/2-1/2"]
[WhiteElo "2542"]
[BlackElo "2697"]
[EventDate "2018.03.17"]
[PlyCount "55"]

1.e4 e5 2.Nf3 Nc6 3.Bb5 Nf6 4.O-O Bc5 5.c3 O-O 6.d4 Bb6 7.Re1 d6 8.Bxc6 
bxc6 9.h3 h6 10.a4 a5 11.Nbd2 exd4 12.cxd4 d5 13.e5 Nd7 14.Nf1 c5 15.Ng3 
Re8 16.Bf4 cxd4 17.Nxd4 Nf8 18.Ndf5 Ng6 19.Bxh6 gxh6 20.Qh5 Bxf5 21.Nxf5 
Rxe5 22.Rxe5 Nxe5 23.Nxh6+ Kg7 24.Ra3 Qh8 25.Qxe5+ Kxh6 26.Qf4+ Kg7 27.
Qe5+ Kh6 28.Qf4+ 1/2-1/2

[Event "19th EUR-ch"]
[Site "Batumi GEO"]
[Date "2018.03.21"]
[Round "5.34"]
[White "Kuzubov, Yuriy"]
[Black "Palac, Mladen"]
[Result "1/2-1/2"]
[WhiteElo "2689"]
[BlackElo "2546"]
[EventDate "2018.03.17"]
[PlyCount "46"]

1.c4 Nf6 2.Nf3 e6 3.b3 d5 4.Bb2 Be7 5.g3 O-O 6.Bg2 b6 7.O-O Bb7 8.e3 Nbd7 
9.Nc3 Ne4 10.cxd5 Nxc3 11.Bxc3 exd5 12.Qc2 a5 13.Rfd1 Re8 14.Rac1 c6 15.
Qb2 Bf8 16.d3 b5 17.Qb1 b4 18.Bb2 a4 19.bxa4 Rxa4 20.Nd4 c5 21.Nb3 Qb6 22.
Rc2 Rea8 23.Ba1 Qe6 1/2-1/2

[Event "19th EUR-ch"]
[Site "Batumi GEO"]
[Date "2018.03.21"]
[Round "5.35"]
[White "Stupak, Kirill"]
[Black "Jobava, Baadur"]
[Result "1/2-1/2"]
[WhiteElo "2541"]
[BlackElo "2685"]
[EventDate "2018.03.17"]
[PlyCount "169"]

1.d4 d5 2.c4 c6 3.cxd5 cxd5 4.Bf4 Nc6 5.e3 Qb6 6.Nc3 e5 7.Bxe5 f6 8.Bg3 
Qxb2 9.Nxd5 Bb4+ 10.Nxb4 Qc3+ 11.Ke2 Nxb4 12.Rb1 Bf5 13.Qa4+ Nc6 14.Rxb7 
Ne7 15.f3 Nd5 16.Rb3 O-O 17.Kf2 Qc2+ 18.Be2 Nxe3 19.Ra3 Nd1+ 20.Kf1 Qxa4 
21.Rxa4 Nb2 22.Ra3 Nxd4 23.Bf2 Nxe2 24.Nxe2 Rac8 25.Bd4 Rc2 26.Rb3 Re8 27.
Rxb2 Rexe2 28.Rxc2 Rxc2 29.g4 Be6 30.Bxa7 Bd5 31.Rg1 Bc4+ 32.Ke1 Re2+ 33.
Kd1 Rxa2 34.Bd4 Rxh2 35.f4 g5 36.Bxf6 gxf4 37.Be5 Rf2 38.g5 f3 39.g6 Bb3+ 
40.Kc1 h5 41.Rh1 Rc2+ 42.Kb1 Re2 43.Bd4 Bc2+ 44.Kc1 Bxg6 45.Kd1 Ra2 46.Rh3
Ra3 47.Rh4 Kh7 48.Ke1 Kh6 49.Kf2 Kg5 50.Rh1 Be4 51.Be3+ Kg6 52.Rg1+ Kf6 
53.Ra1 Rb3 54.Rh1 Rb2+ 55.Kg3 Rg2+ 56.Kh4 Kf5 57.Rg1 Rh2+ 58.Kg3 Re2 59.
Bb6 Rc2 60.Be3 Bd5 61.Bb6 Rc4 62.Bd8 h4+ 63.Kh3 Be6 64.Re1 Rc3 65.Rf1 Kg6+
66.Kh2 Rc2+ 67.Kh1 Bh3 68.Rg1+ Bg2+ 69.Kh2 h3 70.Bb6 Kf5 71.Kg3 h2 72.Kxh2
Kg4 73.Bd4 Rd2 74.Bc3 Rc2 75.Bd4 Kf4 76.Rb1 Kg4 77.Rb4 Bf1+ 78.Kg1 Bc4 79.
Bf2 Kh3 80.Rb1 Ba6 81.Ra1 Bb7 82.Rb1 Bc6 83.Rd1 Rc4 84.Kh1 Rc2 85.Kg1 
1/2-1/2

[Event "19th EUR-ch"]
[Site "Batumi GEO"]
[Date "2018.03.21"]
[Round "5.36"]
[White "Kravtsiv, Martyn"]
[Black "Ruck, Robert"]
[Result "1-0"]
[WhiteElo "2685"]
[BlackElo "2529"]
[EventDate "2018.03.17"]
[PlyCount "121"]

1.d4 Nf6 2.Bf4 g6 3.Nc3 d5 4.e3 Bg7 5.Nf3 O-O 6.Be2 c5 7.O-O cxd4 8.exd4 
Nc6 9.Ne5 Bd7 10.Re1 e6 11.Bg5 h6 12.Nxd7 Qxd7 13.Be3 Rac8 14.Na4 Na5 15.
Nc5 Qc6 16.c3 Nc4 17.Bc1 Rfd8 18.Nd3 Ne4 19.f3 Nf6 20.Bf1 Kh7 21.Kh1 Re8 
22.Qc2 Kg8 23.Qf2 Qb6 24.Qh4 h5 25.Re2 Nd7 26.Bf4 Qd8 27.Qg3 Bf6 28.Qe1 
Bg5 29.Bg3 h4 30.Bf2 Kg7 31.Rd1 Rh8 32.Rc2 Qc7 33.Nc5 Nd6 34.c4 dxc4 35.
Bxc4 Nxc5 36.dxc5 Nf5 37.Bd3 Bf6 38.Bxf5 gxf5 39.Rcd2 h3 40.Qg1 Kf8 41.Rd7
Qc6 42.Bg3 Ke8 43.b4 Rg8 44.Qe3 hxg2+ 45.Kg1 Rd8 46.R7d6 Be7 47.Rxc6 Rxd1+
48.Kxg2 bxc6 49.Qe5 Bd8 50.Qb8 Rd7 51.Kf1 f6 52.Qc8 f4 53.Qxc6 Ke7 54.Bxf4
e5 55.Bg3 Rd1+ 56.Ke2 Rd4 57.Qb7+ Rd7 58.Qa6 Rg7 59.c6 Rd5 60.Qb7+ Kf8 61.
c7 1-0

[Event "19th EUR-ch"]
[Site "Batumi GEO"]
[Date "2018.03.21"]
[Round "5.37"]
[White "Melkumian, Hrant"]
[Black "Kantans, Toms"]
[Result "1-0"]
[WhiteElo "2664"]
[BlackElo "2508"]
[EventDate "2018.03.17"]
[PlyCount "71"]

1.Nf3 c5 2.c4 Nc6 3.d4 cxd4 4.Nxd4 e5 5.Nc2 Bc5 6.Nc3 d6 7.g3 Be6 8.b3 Qd7
9.Be3 Nf6 10.Bxc5 dxc5 11.Qxd7+ Bxd7 12.Bg2 O-O-O 13.Ne3 Nd4 14.O-O-O Ng4 
15.Nxg4 Bxg4 16.h3 Bh5 17.g4 Bg6 18.e3 Ne6 19.Nd5 Rhe8 20.h4 h5 21.g5 Bf5 
22.Bf3 Bg6 23.Rd2 Nc7 24.Rhd1 Nxd5 25.Bxd5 Kc7 26.Kb2 Rd6 27.Kc3 a5 28.a3 
Rf8 29.e4 f5 30.gxf6 Rfxf6 31.Rg1 Rf3+ 32.Rd3 Rdf6 33.Rg5 Rxd3+ 34.Kxd3 b6
35.Ke2 Kd6 36.f4 1-0

[Event "19th EUR-ch"]
[Site "Batumi GEO"]
[Date "2018.03.21"]
[Round "5.38"]
[White "Repka, Christopher"]
[Black "Lenic, Luka"]
[Result "1/2-1/2"]
[WhiteElo "2524"]
[BlackElo "2662"]
[EventDate "2018.03.17"]
[PlyCount "66"]

1.g3 c5 2.c4 Nf6 3.Bg2 e6 4.Nf3 Nc6 5.O-O d5 6.d4 Be7 7.dxc5 Bxc5 8.a3 
dxc4 9.Qa4 O-O 10.Qxc4 Qd5 11.Qxd5 Nxd5 12.b4 Be7 13.Bg5 Rd8 14.Rc1 Bd7 
15.Bxe7 Ncxe7 16.Nbd2 Rac8 17.Ne4 b6 18.Ne5 Rxc1+ 19.Rxc1 Be8 20.Bh3 h6 
21.e3 Bb5 22.Bf1 Bxf1 23.Kxf1 Kf8 24.Ke2 f6 25.Nc4 Rd7 26.Ned2 e5 27.Nb3 
Kf7 28.b5 Nc7 29.a4 h5 30.Nd6+ Ke6 31.Ne4 Kf7 32.Nd6+ Ke6 33.Ne4 Kf7 
1/2-1/2

[Event "19th EUR-ch"]
[Site "Batumi GEO"]
[Date "2018.03.21"]
[Round "5.39"]
[White "Yuffa, Daniil"]
[Black "Sutovsky, Emil"]
[Result "1-0"]
[WhiteElo "2521"]
[BlackElo "2659"]
[EventDate "2018.03.17"]
[PlyCount "87"]

1.Nf3 c5 2.g3 g6 3.Bg2 Bg7 4.O-O Nc6 5.c4 e6 6.Nc3 Nge7 7.d3 O-O 8.Bd2 d5 
9.Qc1 b6 10.Bh6 Bb7 11.Bxg7 Kxg7 12.a3 Rc8 13.Qf4 Qc7 14.Qxc7 Rxc7 15.cxd5
Nxd5 16.Rfc1 Rfc8 17.Nb5 Rd7 18.Kf1 Nde7 19.Rab1 Ba6 20.Nc3 Nf5 21.b4 cxb4
22.axb4 Rdc7 23.Nd1 Ncd4 24.Rxc7 Rxc7 25.Ne3 Bb7 26.Nxf5+ Nxf5 27.e4 Nd6 
28.Ke2 Rc2+ 29.Ke3 Rc3 30.Nd2 Ra3 31.Bf1 f5 32.f3 Ra2 33.Rc1 Nb5 34.d4 
Ra3+ 35.Kf4 Nc3 36.Ke5 Kh6 37.Nc4 Rb3 38.Nd6 Ba8 39.Bc4 Ra3 40.Bxe6 fxe4 
41.fxe4 b5 42.d5 a5 43.Kf6 Kh5 44.h3 1-0

[Event "19th EUR-ch"]
[Site "Batumi GEO"]
[Date "2018.03.21"]
[Round "5.40"]
[White "Nguyen, Thai Dai Van"]
[Black "Kovalev, Vladislav"]
[Result "1/2-1/2"]
[WhiteElo "2517"]
[BlackElo "2650"]
[EventDate "2018.03.17"]
[PlyCount "76"]

1.d4 Nf6 2.Nf3 g6 3.c4 Bg7 4.g3 O-O 5.Bg2 c5 6.O-O cxd4 7.Nxd4 Nc6 8.Nc3 
d6 9.Nxc6 bxc6 10.Bxc6 Rb8 11.Bg2 Qa5 12.Qe1 Qa6 13.b3 Rxb3 14.axb3 Qxa1 
15.Qd2 Be6 16.Bb2 Qa5 17.Ra1 Qb4 18.Qc2 Nd7 19.Na2 Qb6 20.Bxg7 Kxg7 21.
Qc3+ Ne5 22.Nc1 Rb8 23.Ra5 f6 24.Rb5 Qc7 25.Rxb8 Qxb8 26.Qa5 Nd7 27.Bc6 
Ne5 28.Be4 Bh3 29.Bg2 Bf5 30.Bd5 Bh3 31.Bg2 Bd7 32.Be4 Nc6 33.Bxc6 Bxc6 
34.f3 Kf7 35.Kf2 h5 36.b4 h4 37.Nd3 hxg3+ 38.hxg3 Bd7 1/2-1/2

[Event "19th EUR-ch"]
[Site "Batumi GEO"]
[Date "2018.03.21"]
[Round "5.41"]
[White "Diermair, Andreas"]
[Black "Krasenkow, Michal"]
[Result "1-0"]
[WhiteElo "2507"]
[BlackElo "2644"]
[EventDate "2018.03.17"]
[PlyCount "99"]

1.d4 d6 2.Nf3 Bg4 3.c4 g6 4.Nc3 Bg7 5.g3 Bxf3 6.exf3 e6 7.d5 exd5 8.cxd5 
Ne7 9.Bh3 c6 10.O-O O-O 11.Bg5 h6 12.Bf4 cxd5 13.Nxd5 Nxd5 14.Qxd5 Nc6 15.
Rad1 Qf6 16.Rd2 Rad8 17.Be3 Qe5 18.Qb3 d5 19.Qxb7 d4 20.Bf4 Qc5 21.Rdd1 
Ne5 22.Bxe5 Qxe5 23.Qe4 Qa5 24.Qb1 Rfe8 25.f4 Qh5 26.Bg2 Re2 27.Be4 Rb8 
28.b3 Qa5 29.a4 Kf8 30.Bd3 Rd2 31.Bc4 Bf6 32.Rxd2 Qxd2 33.Rd1 Qb4 34.Qe4 
Qb7 35.Bd5 Qd7 36.Qf3 a5 37.h4 h5 38.Kh2 Rc8 39.Bc4 Qc6 40.Qd3 Qc5 41.Re1 
Rc7 42.Re4 Re7 43.Kg1 Rxe4 44.Qxe4 Bd8 45.Qb7 Bc7 46.Qc8+ Ke7 47.Bb5 Bb6 
48.Qe8+ Kf6 49.Bc4 Qc7 50.Bxf7 1-0

[Event "19th EUR-ch"]
[Site "Batumi GEO"]
[Date "2018.03.21"]
[Round "5.42"]
[White "Godena, Michele"]
[Black "Parligras, Mircea-Emilian"]
[Result "0-1"]
[WhiteElo "2505"]
[BlackElo "2642"]
[EventDate "2018.03.17"]
[PlyCount "126"]

1.e4 c6 2.d4 d5 3.Nd2 dxe4 4.Nxe4 Nf6 5.Ng3 e6 6.Nf3 c5 7.Bd3 cxd4 8.Nxd4 
Bc5 9.Nb3 Be7 10.O-O O-O 11.Qe2 Nbd7 12.Rd1 Qc7 13.Nf5 exf5 14.Qxe7 Re8 
15.Qb4 Ne5 16.Bf4 Nxd3 17.cxd3 Nd5 18.Bxc7 Nxb4 19.Ba5 Nd5 20.Nd4 Bd7 21.
Rac1 Rac8 22.Kf1 f6 23.Bd2 Kf7 24.a3 f4 25.Rc4 g5 26.Rdc1 Rcd8 27.Ba5 b6 
28.Bd2 Bg4 29.Nc6 Rd7 30.Rd4 a5 31.f3 Bf5 32.Kf2 Rc8 33.g3 fxg3+ 34.hxg3 
Rd6 35.Rdc4 Re8 36.Nd4 Bxd3 37.Rc6 Rd7 38.Re1 Rxe1 39.Bxe1 Ne7 40.Rxb6 
Rxd4 41.Bc3 Rd5 42.Rxf6+ Ke8 43.g4 a4 44.Rb6 Rb5 45.Re6 Kd7 46.Re1 Nd5 47.
Bg7 Nf4 48.Kg3 h5 49.Rd1 h4+ 50.Kf2 Ke6 51.Bc3 Rd5 52.Re1+ Kf7 53.Bb4 Bb5 
54.Re7+ Kf6 55.Rb7 Nd3+ 56.Ke3 Nxb4 57.axb4 Be8 58.Rb6+ Ke5 59.Rb8 Bb5 60.
Rf8 Rd3+ 61.Kf2 Rd2+ 62.Ke1 Re2+ 63.Kd1 Kd4 0-1

[Event "19th EUR-ch"]
[Site "Batumi GEO"]
[Date "2018.03.21"]
[Round "5.43"]
[White "Safarli, Eltaj"]
[Black "Harutyunian, Tigran K."]
[Result "1-0"]
[WhiteElo "2639"]
[BlackElo "2501"]
[EventDate "2018.03.17"]
[PlyCount "69"]

1.e4 e5 2.Nc3 Nf6 3.g3 Bc5 4.Bg2 O-O 5.Nge2 Re8 6.O-O a5 7.h3 a4 8.a3 d6 
9.d3 Nbd7 10.Kh2 c6 11.f4 Nf8 12.f5 d5 13.g4 dxe4 14.Nxe4 Nxe4 15.Bxe4 Be7
16.Ng3 h6 17.Nh5 Nh7 18.Be3 Nf6 19.Qf3 Ra5 20.Rg1 Rb5 21.g5 hxg5 22.Nxg7 
Kxg7 23.Bxg5 Bc5 24.Bh4+ Kf8 25.Qg3 Bxg1+ 26.Rxg1 Qd6 27.Qg7+ Ke7 28.Rg6 
Kd7 29.Rxf6 Qd4 30.Rxf7+ Kd6 31.Rf6+ Kc5 32.Qg2 Rg8 33.Qxg8 Rxb2 34.Rg6 
Rxc2+ 35.Rg2 1-0

[Event "19th EUR-ch"]
[Site "Batumi GEO"]
[Date "2018.03.21"]
[Round "5.44"]
[White "Fridman, Daniel"]
[Black "Maghalashvili, Davit"]
[Result "1/2-1/2"]
[WhiteElo "2637"]
[BlackElo "2508"]
[EventDate "2018.03.17"]
[PlyCount "80"]

1.d4 d5 2.c4 e6 3.Nf3 Nf6 4.g3 Be7 5.Bg2 O-O 6.O-O dxc4 7.Ne5 Nc6 8.Nxc6 
bxc6 9.Na3 Bxa3 10.bxa3 Ba6 11.Qd2 c3 12.Qxc3 Bxe2 13.Re1 Bb5 14.a4 Bxa4 
15.Qb4 Bb5 16.a4 a5 17.Qc3 Ba6 18.Ba3 Re8 19.Bxc6 Nd5 20.Qc5 Bd3 21.Ra2 
Qg5 22.Bxe8 Rxe8 23.Qxa5 Qf5 24.Bc1 h5 25.h4 Qh3 26.Ra3 Bc4 27.Qc5 Nb6 28.
g4 Bb3 29.Qg5 Nc4 30.Ra1 hxg4 31.h5 f6 32.Qg6 Re7 33.Rb1 Qf3 34.h6 Nb6 35.
Rxb3 Qxb3 36.a5 Qc3 37.Kf1 Qc4+ 38.Kg1 Qc3 39.Kf1 Qc4+ 40.Kg1 Qc3 1/2-1/2